| Tag |
First Indicator |
Second Indicator |
Subfields |
| LEADER |
00000nam a2200000Ia 4500 |
| 001 |
in00004177331 |
| 005 |
20200810072554.0 |
| 006 |
m g d |
| 007 |
cr bn |||a|bb| |
| 008 |
850617s1675 enk o 00| | eng d |
| 035 |
|
|
|a (OCoLC)12166271
|
| 040 |
|
|
|a EAA
|c EAA
|d m/c
|d WaOLN
|
| 037 |
|
|
|a CL0037000025
|b ProQuest Information and Learning. 300 N. Zeeb Rd., Ann Arbor, MI 48106
|
| 049 |
|
|
|a UMIA
|
| 100 |
1 |
|
|a Taylor, Thomas,
|d 1618-1682.
|
| 245 |
1 |
2 |
|a A testimony for the Lord, the good shepherd against all the false shepherds and hirelings of the world :
|b and more especially, or particularly those of that sort in the nation of England /
|c by Thomas Taylor.
|
| 260 |
|
|
|a [London :
|b publisher not identified],
|c 1675.
|
| 300 |
|
|
|a 1 online resource (15 pages)
|
| 336 |
|
|
|a text
|b txt
|2 rdacontent
|
| 337 |
|
|
|a computer
|b c
|2 rdamedia
|
| 338 |
|
|
|a online resource
|b cr
|2 rdacarrier
|
| 500 |
|
|
|a Reproduction of original in Duke University Library.
|
| 510 |
4 |
|
|a Wing
|c T586
|
| 533 |
|
|
|a Electronic reproduction.
|b Ann Arbor, Mich. :
|c UMI,
|d 1999-
|f (Early English books online)
|n Digital version of: (Early English books, 1641-1700 ; 829:10)
|7 s1999 miun s
|
| 650 |
|
0 |
|a Christian life
|v Early works to 1800.
|
| 650 |
|
0 |
|a Society of Friends
|x Doctrines.
|
| 830 |
|
0 |
|a Early English books online.
|
| 856 |
4 |
0 |
|u http://proxy.library.tamu.edu/login?url=https://search.proquest.com/docview/2248537509
|z Connect to the full text of this electronic book
|t 0
|
| 999 |
f |
f |
|s 5a8da991-9628-3e4e-8dec-6ff017d8a3b1
|i 4aac4b08-f0d0-33d4-9ea7-dbedca2cb06d
|t 0
|
| 952 |
f |
f |
|a Texas A&M University
|b College Station
|c Electronic Resources
|d Available Online
|t 0
|h No information provided
|
| 998 |
f |
f |
|t 0
|l Available Online
|